Building a space-faring civilization : advancing the renaissance of science, medicine, and human performance in civilian spaceflight.

Bibliographic Details
Corporate Author: ScienceDirect (Online service)
Other Authors: Schmidt, Michael A., Legato, Marianne J., 1935-
Format: eBook
Language:English
Published: London : Academic Press, 2025.
Subjects:
Online Access:Connect to the full text of this electronic book

MARC

Tag First Indicator Second Indicator Subfields
LEADER 00000nam a22000007i 4500
001 in00005645461
003 OCoLC
006 m o d
007 cr cnu---unuuu
008 250207s2025 enk o 000 0 eng d
005 20250816191134.9
020 |a 9780443138515  |q electronic book 
020 |a 0443138516  |q electronic book 
020 |z 9780443138508 
020 |z 0443138508 
024 8 |a 90101843210 
035 |a (OCoLC)1494145594 
040 |a YDX  |b eng  |e rda  |c YDX  |d N$T  |d OPELS  |d N$T  |d OCLCO  |d OCLCQ  |d YDX 
050 4 |a RC1135  |b .B85 2025 
082 0 4 |a 616.9/80214  |2 23/eng/20250218 
245 0 0 |a Building a space-faring civilization :  |b advancing the renaissance of science, medicine, and human performance in civilian spaceflight. 
264 1 |a London :  |b Academic Press,  |c 2025. 
300 |a 1 online resource. 
336 |a text  |b txt  |2 rdacontent 
337 |a computer  |b c  |2 rdamedia 
338 |a online resource  |b cr  |2 rdacarrier 
650 0 |a Space medicine. 
650 0 |a Space colonies. 
650 0 |a Extraterrestrial bases. 
650 6 |a Colonies spatiales.  |0 (CaQQLa)201-0061861 
650 6 |a Bases extraterrestres.  |0 (CaQQLa)201-0071550 
650 7 |a space colonies.  |2 aat  |0 (CStmoGRI)aat300120707 
650 7 |a extraterrestrial bases.  |2 aat  |0 (CStmoGRI)aat300008029 
655 7 |a Electronic books.  |2 local 
700 1 |a Schmidt, Michael A. 
700 1 |a Legato, Marianne J.,  |d 1935-  |1 https://id.oclc.org/worldcat/entity/E39PBJfcHHBRqBYMdBCT4qvGpP 
710 2 |a ScienceDirect (Online service) 
776 1 8 |i Print version:  |z 0443138508  |z 9780443138508  |w (OCoLC)1435747756 
856 4 0 |u http://proxy.library.tamu.edu/login?url=https://www.sciencedirect.com/science/book/9780443138508  |z Connect to the full text of this electronic book  |t 0 
945 |b 414059 
955 |a YBP purchased firm e-records 
980 |b usergen  |c 90101843210  |g 565750  |k USD  |m 248.00  |q 1  |s AcqMono Conventional  |t Purchase at vendor system  |u Vendor order reference number  |v ZYBP  |y Faculty - electronic  |z Electronic resource 
999 f f |i 591d17a9-ea88-4367-a5be-b7d838589167  |s 57875af4-3f27-41ae-ac7c-f25096c8794b  |t 0 
952 f f |a Texas A&M University  |b College Station  |c Electronic Resources  |d Available Online  |t 0  |e RC1135 .B85 2025  |h Library of Congress classification 
998 f f |a RC1135 .B85 2025  |t 0  |l Available Online